01909nam a2200301 a 4500001001000000005001700010008004100027041000800068044000700076084002000083100004500103245011600148260004500264300002200309500034000331500011600671500039300787500001001180546002301190650005201213650005601265650003401321650004501355700005201400700005101452700005401503740005001557BRCA_299020190320204047.0140109s1776----dk-a---###---#000-0ddan-u adan adk a313b.G95c17761 aCervantes Saavedra, Miguel ded1547-161610aDer Sindrige Herremands Don Quixote af ManchabLevnet og BedriftercFortfattet af Miguel de Cervantes Saavedra. aKiöbenhavnbTrykt paa Gyldendalsc1776 a4 v.bil.c20 cm. aContenido : v 1. Primera parte. Retrato de Cervantes. Dedicatoria de la traductora en francés. Vida de Cervantes traducción de la hecha por Mayáns. Prólogo del autor. Versos preliminares. Texto. -- v 2. Primera parte. Texto. -- v 3. Segunda parte. Prólogo del autor. Texto. -- v 4. Segunda parte. Advertencia al lector. Texto aEdición : Oversat, Efter der it Amsterdam og Leipzig 1755, Udgivne Spanske Oplag, af Charlotta Dorothea Biehl aPrimera traducción danesa, hecha por Carlotta Dorothea Biehl, según la edición castellana de Amsterdam y Leipzig de 1755; precedida de una biografía de Cervantes extractada de la escrita por Mayáns e ilustrada con un retrato de Cervantes y varias láminas, hechas sobre los dibujos de Coypel. Edición regularmente impresa y en mal papel. Semipiel con adornos Lúdovik Osterc aQM592 aTexto en : danés14aNovela españolayÉpoca clásica, 1500-170014aLiteratura españolayÉpoca clásica, 1500-170014aNovela españolaySiglo XVII14aDon Quijote (Personaje ficticio)eNovela1 aBiehl, Charlotta Dorothead1731-1788eTraductor1 aCoypel, Charles-Antoined1694-1752eIlustrador1 aMayans I. Siscar, Gregoriod1699-1781eBiógrafo0 aEl Ingenioso Hidalgo Don Quijote de la Mancha